Sanat - "Olen suomalainen" - Kari Tapio - Statistics

Yleistilastot
  • Tätä visaa on pelattu 603 kertaa
  • Keskiarvotulos 96 / 146
Vastaustilastot
Sanat % Oikein
suomalainen
98%
suomalainen.
98%
On
95%
on
95%
94%
Olen
92%
Tää
91%
alla
87%
alla,
87%
elämä
87%
Ja
86%
ja
86%
laulan,
86%
pohjantähden
85%
Pohjantähden
85%
koti
84%
mulla
84%
täällä
83%
elämästä
81%
mainen,
81%
siinä
81%
yksin
78%
nainen
77%
Sen
77%
vain,
77%
mies
76%
raskasta
74%
tietää
74%
onni
73%
työtä
73%
työtä,
73%
rakkaudesta
72%
kansa,
71%
myötä,
71%
Elää
68%
monta
68%
jos
67%
harvemmin
66%
oonhan
66%
Sillä
66%
Ei
64%
aika
63%
rakkautta,
62%
valtamerta
62%
voi
62%
kiellettyä
60%
Mutt'
60%
Niin
60%
saisi
60%
jonka
59%
kyyneleistä
58%
paljon
58%
taivaan
58%
maailmalla,
57%
yksinäistä,
57%
olla
56%
mitä
55%
tietäisivät
55%
mutta
54%
siitä
54%
aikaan
53%
voikaan
52%
jospa
51%
lemmenlaulut,
51%
riitä
48%
ettei
46%
Oi
46%
virkavalta
46%
ikävöivät
43%
kuin
43%
eikä
42%
itsepäinen
42%
Me
41%
toisistansa,
40%
kertojaksi
39%
kuolema
39%
pitää
39%
Nyt
36%
erottaa
35%
taulut
34%
hammasta
32%
muu,
32%
purren,
32%
Ystävät
32%
käymme
31%
kannattanutkaan
28%
maassa
28%
tässä
28%
silloin
27%
nousemme
26%
sielu
26%
surren,
26%
mutkan
25%
jälkeen
24%
mutkaan
24%
vastamäkeen
22%
sitä
21%
nähdäksemme,
19%
etten
3%
Ehtoja vastaavia visoja ei löytynyt
Tulosjakauma
Jokaisen tuloksen saaneiden osuus
Persentiili vastausten määrän mukaan
Tuloshistoriasi
Et ole pelannut tätä visaa